| Tag |
First Indicator |
Second Indicator |
Subfields |
| LEADER |
00000cam a2200000 i 4500 |
| 001 |
in00000045878 |
| 005 |
20151007075329.0 |
| 008 |
800305s1979 nyu b 00000 eng |
| 010 |
|
|
|a 79065207
|
| 020 |
|
|
|a 0916584119
|
| 035 |
|
|
|a (OCoLC)06123601
|
| 035 |
|
|
|9 AAF3028AM
|
| 040 |
|
|
|a DLC
|c DLC
|d TXA
|d UtOrBLW
|
| 043 |
|
|
|a n-us---
|
| 049 |
|
|
|a TXAM
|c [1160483]
|
| 050 |
0 |
0 |
|a LC3981
|b .E94
|
| 082 |
0 |
|
|a 371.9/0973
|
| 245 |
0 |
0 |
|a Exceptional teaching for exceptional learning :
|b a report to the Ford Foundation /
|c Nicholas Hobbs [and others].
|
| 264 |
|
1 |
|a New York, N.Y. :
|b The Foundation,
|c 1979.
|
| 300 |
|
|
|a ix, 96 pages ;
|c 27 cm.
|
| 336 |
|
|
|a text
|b txt
|2 rdacontent
|
| 337 |
|
|
|a unmediated
|b n
|2 rdamedia
|
| 338 |
|
|
|a volume
|b nc
|2 rdacarrier
|
| 490 |
1 |
|
|a Papers on research about learning
|
| 504 |
|
|
|a Bibliography: pages 68-94.
|
| 650 |
|
0 |
|a Special education
|z United States.
|
| 700 |
1 |
|
|a Hobbs, Nicholas.
|
| 710 |
2 |
|
|a Ford Foundation.
|
| 830 |
|
0 |
|a Papers on research about learning.
|
| 999 |
|
|
|a MARS
|
| 999 |
f |
f |
|s 4ffbec5b-f83f-3bad-9074-21b2ba345c86
|i c5d77b00-63bd-33d1-a434-9efcd74b5970
|t 0
|
| 952 |
f |
f |
|p normal
|a Texas A&M University
|b College Station
|c Sterling C. Evans Library
|d Evans: Library Stacks
|t 0
|e LC3981 .E94
|h Library of Congress classification
|i unmediated -- volume
|m A14803323331
|
| 998 |
f |
f |
|a LC3981 .E94
|t 0
|l Evans: Library Stacks
|